000
00352nam a2200145Ia 4500
008
231217s9999 xx 000 0 und d
041
_a
English
082
_a
001.6424 MEH `R'
100
_a
Mehta, Subhash.
245
2
_a
A practical guide to Ventura 4.0 for Windows
260
_c
1992
_b
S K W
300
_a
148
650
_a
Ventura
942
_c
AA
999
_c
162650
_d
162650